| 000 | 00513nam a2200157Ia 4500 | ||
|---|---|---|---|
| 008 | 210719s2007 xx 000 0 und d | ||
| 041 | _aeng | ||
| 082 | _a658.8 SHAC | ||
| 100 | _aSHARVARI | ||
| 245 | _aConsumer behaviour towards brand RbK footwear | ||
| 260 |
_aMangalore _bDepartment of Business Management St Aloysius College _c2007 |
||
| 300 |
_a55 _bHB |
||
| 650 | _aManagement | ||
| 650 | _aProject Reports | ||
| 906 | _aBBM Project ; behaviour ; brand ; consumer ; footwear ; on ; RbK ; Study ; towards | ||
| 999 |
_c214438 _d214438 |
||